01037nam a2200217 a 450000100100000000500170001000800410002702000180006804000250008610000300011124500880014126001140022930000200034350000310036350400270039471000540042195201050047595201110058095201110069199900170080200004039620201002034115.0130823s2011 mx 000 0 spa d a9789703232635 aDO-SdBNPbspacBNPHU1 aLebourges, Solange966698 0aEn busca del dégagé perfecto :bterminología del ballet /cSolange Lebourges. aMéxico :bDirección General de Publicaciones y Fomento Editorial : Academia Mexicana de la Lengua,c2011. a43 p. ;c22 cm. aTercera reimpresión 2011 aBibliografía : p. 432 aUniverdiad Nacional Autónoma de México966699 001050718MOaGRbGRcCTd2013-08-23iLF1l0o p40396-10r2020-06-25w2020-06-25y1ZNo se presta 001050718MOaGRbGRcCTd2013-08-23iLF1l0o p40396-20r2020-06-25te. 2w2020-06-25y1ZNo se presta 001050718MOaGRbGRcCTd2013-08-23iLF1l0o p40396-30r2020-06-25te. 3w2020-06-25y1ZNo se presta c39886d39886